Give Me One Good Reason - Blink-182 Lyrics Quiz - Statistics

General Stats
  • This quiz has been taken 18 times
  • The average score is 20 of 24
Answer Stats
Hint Answer % Correct
Why do _____ wanna pierce their ____? girls, nose
100%
All the kids they _____ as if they _______ it laugh, planned
100%
Mom and dad they _____ _____ understand it quite, don't
100%
It's ____ when they piss people off with what they ____, oh yeah cool, wear
92%
So ____ __ one good reason give, me
92%
I like the ones who say they listen to the ____ ____ punk, rock
92%
Why we need to __ ____ ____ be, like, them
85%
They _____ ____ __ and don't fit in don't, want, to
85%
They don't want to and don't ___ __ fit, in
85%
Kids will have ___ and ______ fun, offend
85%
____ me one ____ reason Give, good
85%
So give me one ____ ______ good, reason
85%
Kids will ____ ___ and offend have, fun
85%
_____ metalers with their awful pussy ____ bands Heavy, hair
85%
____ will have fun ___ offend Kids, and
85%
Why we ____ __ be like them need, to
85%
And walk around in torn _________, oh yeah pantyhose
85%
They don't ____ to and don't __ in want, fit
85%
___ we need to be like them Why
85%
________ school almost every single day, __ yeah Ditching, oh
77%
I like the the kids who _____ against how they were brought __ fight, up
77%
Counting _______ until we can get away seconds
77%
They hate the ______ and think it's fucked to care trends
69%
Hate the _____, the _____, the hippie fuckin' scumbags jocks, preps
62%
No matching quizzes found
Score Distribution
Percent of People with Each Score
Percentile by Number Answered
Your Score History
You have not taken this quiz